Agilent AN 1298 Digital Modulation in Communications Systems— An Introduction Application Note(E-Book) (Record no. 191748)
[ view plain ]
| 000 -LEADER | |
|---|---|
| fixed length control field | 00806 a2200157 4500 |
| 003 - CONTROL NUMBER IDENTIFIER | |
| control field | Nust |
| 005 - DATE AND TIME OF LATEST TRANSACTION | |
| control field | 20170207154023.0 |
| 040 ## - CATALOGING SOURCE | |
| Transcribing agency | Nust |
| 100 ## - MAIN ENTRY--PERSONAL NAME | |
| Personal name | Agilent Technologies |
| 245 ## - TITLE STATEMENT | |
| Title | Agilent AN 1298 Digital Modulation in Communications Systems— An Introduction Application Note(E-Book) |
| Statement of responsibility, etc. | Agilent Technologies |
| 260 ## - PUBLICATION, DISTRIBUTION, ETC. | |
| Place of publication, distribution, etc. | U.S.A |
| Date of publication, distribution, etc. | , 2000 |
| 300 ## - PHYSICAL DESCRIPTION | |
| Extent | 48 P; |
| 505 ## - FORMATTED CONTENTS NOTE | |
| Formatted contents note | Why Digital Modulation?, Using I/Q Modulation (Amplitude and Phase Control) to Convey Information, Digital Modulation Types and Relative Efficiencies, Filtering, Different Ways of Looking at a Digitally Modulated Signal Time and Frequency Domain View, Sharing the Channel, How Digital Transmitters and Receivers Work, Measurements on Digital RF Communications Systems |
| 650 ## - SUBJECT ADDED ENTRY--TOPICAL TERM | |
| Topical term or geographic name entry element | Telecommunication engineering. |
| 651 ## - SUBJECT ADDED ENTRY--GEOGRAPHIC NAME | |
| Geographic name | (E-Book) |
| 942 ## - ADDED ENTRY ELEMENTS (KOHA) | |
| Source of classification or shelving scheme | |
| Koha item type | Book |
| Withdrawn status | Lost status | Source of classification or shelving scheme | Damaged status | Not for loan | Collection code | Permanent Location | Current Location | Date acquired | Total Checkouts | Barcode | Date last seen | Price effective from | Koha item type |
|---|---|---|---|---|---|---|---|---|---|---|---|---|---|
| Military College of Signals (MCS) | Military College of Signals (MCS) | 12/12/2016 | MCSEB-1110 | 12/08/2016 | 12/12/2016 | Book |
